One Piece en images - Saga Skypiea - Statistiques

Statistiques générales
  • Ce quiz a été pris 127 fois
  • Le résultat moyen est 8 sur 12
Statistiques - réponses
Par images Réponse % Correct
Ener
96%
Marshall D.Teach
94%
Bellamy
93%
Jesus Burgess
78%
Van Augur
68%
Kalgara
64%
Conis
63%
Mont Blanc Cricket
63%
Gan Forr
58%
Mont Blanc Noland
58%
Wyper
55%
Shura
43%
Aucun quiz correspondant
Distribution des résultats
% des personnes avec chaque résultat
Percentile par nombre de réponses
Votre historique - résultats
Vous n’avez pas pris ce quiz